Guess the Niall Horan song with no hints #11 - Statistics

General Stats
  • This quiz has been taken 27 times
  • The average score is 156 of 299
Answer Stats
Answer % Correct
a
100%
you
100%
the
94%
we
94%
and
83%
And
83%
no
78%
no?
78%
of
78%
to
78%
your
78%
is
72%
it,
72%
like
72%
So,
67%
time
67%
time,
67%
how
61%
How
61%
If
61%
if
61%
not
61%
some
61%
We're
61%
have
56%
her
56%
But
50%
by
50%
for
50%
It's
50%
know?
50%
Life
50%
(Life
50%
oh,
50%
Oh,
50%
ooh
50%
would
50%
yeah,
50%
all
44%
ever
44%
every
44%
get
44%
still
44%
was
44%
are
39%
board
39%
fake
39%
fix
39%
game
39%
good
39%
Hold
39%
hold
39%
ready
39%
show
39%
tears,
39%
at
33%
Better
33%
broke
33%
cause
33%
easy,
33%
everythin'
33%
flies
33%
nothin'
33%
our
33%
ride
33%
simple,
33%
though?
33%
tight,
33%
with
33%
arms
28%
broken
28%
crime
28%
Got
28%
heartbreaks
28%
light
28%
Mistakes
28%
night
28%
skies
28%
smile,
28%
there's
28%
again
22%
blinded
22%
dance
22%
Dancin'
22%
floor
22%
hurry,
22%
lives
22%
paint
22%
plans?
22%
stars,
22%
sun
22%
through
22%
around
17%
comes
17%
ends
17%
fun
17%
games
17%
gravity
17%
(Lights)
17%
lights,
17%
Lookin'
17%
mm)
17%
Mmm
17%
party
17%
until
17%
whole
17%
wraps
17%
creepin'
11%
under
11%
No matching quizzes found
Score Distribution
Percent of People with Each Score
Percentile by Number Answered
Your Score History
You have not taken this quiz